000 02273cam a2200613 a 4500
005 20240214134326.0
008 100810s2004||||xxua | |||| 00| 0 eng d
020 _a0808922920
041 _aeng
092 _c616
_l30
_sGOL
100 1 _aGoldman, Lee.
_9856
_eEditor
245 _aCecil. Textbook of Medicine /
_cLee Goldman.
250 _a22a ed. International edition
260 _aPhiladelphia:
_bSaunders;
_c2004.
300 _a2506 p.
_eIncludes bibliographical references and index
500 _aGoldman, L. et al. (2004). Cecil. Textbook of Medicine. (22a ed.). Philadelphia : Saunders.
653 _aSocial and ethical issues in medicine
653 _aPrinciples of evaluaction and management
653 _aPreventive amd environmetnal medicine
653 _aAging and geriatric medicine
653 _aClinical pharmacology
653 _aGenetics
653 _aPrinciples of immunology and inflammation
653 _aCardiovascular disease
653 _aRespiratoy diseases
653 _aCritical care medicine
653 _aRenal and genitourinary diseases
653 _aGastrointestinal diseases
653 _aDiseases of the liver, gallbladder, and bile ducts
653 _aHematologic diseases
653 _aOncology
653 _aMetabolics diseases
653 _aNutritional diseases
653 _aEndocrine diseases
653 _aWomwn's health
653 _aDiseases of bone and mineral metabolism
653 _aDiseases of allergy and clinical immunology
653 _aRheumatic diseases
653 _aInfectious diseases
653 _aHIV and the acquired immunodeficiency syndrome
653 _aEye, ear, nose, and throat diseases
653 _aSkin diseases
653 _aReference intervals and laboratory values
700 1 _aAusiello, Dennis.
_9857
_eEditor
700 1 _aArend, William P,
_eEditor asociado
_9858
700 1 _aDrazen, Jeffrey M,
_eEditor asociado
_9859
700 1 _aArmitage, James O,
_eEditor asociado
_9860
700 1 _aGill, Gordon N,
_eEditor asociado
_9861
700 1 _aGriggs, Robert C,
_eEditor asociado
_9862
700 1 _aPowell, Don W,
_eEditor asociado
_9863
700 1 _aScheld, W. Michael,
_eEditor asociado
_9864
930 _a1049
942 _2ddc
_cBK
999 _c593
_d593